HARALAMBOS & Holborn sociology themes and perspectives

Guardat en:
Dades bibliogràfiques
Autor principal: Michael Haralambos
Format: Llibre
Idioma:anglès
Publicat: Collins 2013
Etiquetes: Afegir etiqueta
Sense etiquetes, Sigues el primer a etiquetar aquest registre!

MARC

LEADER 00000nam a22000007a 4500
008 210122b ||||| |||| 00| 0 eng d
020 |a 978-0-00-749882-6 
100 |a Michael Haralambos 
245 |a HARALAMBOS & Holborn sociology  |b themes and perspectives  |c Michael Haralambos 
250 |b 8th 
260 |b Collins  |c 2013  |h London  |i 689672  |l HM585 .H22 
942 |a lcc  |c BK  |e Mr ogunleye 
952 |0 0  |1 0  |2 lcc  |4 0  |6 HM0585 H22  |7 0  |9 1489  |a HOL  |b HOL  |d 2021-01-22  |l 0  |o HM585 .H22  |p 2021-0286  |r 2021-01-22 00:00:00  |w 2021-01-22  |y BK 
999 |c 781  |d 781